[Event "DEM U14w 2023"]
[Site "Willingen GER"]
[Date "2023.05.29"]
[Round "3"]
[White "Schwarzfischer, Julia"]
[Black "Kopylov, Diana"]
[Result "1-0"]
[Termination "normal"]
[Board "8"]
[WhiteElo "1364"]
[BlackElo "1378"]
[WhiteClock "01:33:19"]
[BlackClock "00:22:23"]
[PlyCount "113"]
[WhiteFideId "16268105"]
[BlackFideId "16268865"]
[EventCountry "GER"]
[EventRounds "9"]
[EventType "swiss"]
[EventDate "2023.05.27"]

1. e4 {[%clk 01:30:58]} {[%emt 00:00:02]} c5 {[%clk 01:30:55]} {[%emt
00:00:05]} 2. Be2 {[%clk 01:31:11]} {[%emt 00:00:18]} Nc6 {[%clk 01:28:01]}
{[%emt 00:03:24]} 3. d3 {[%clk 01:31:27]} {[%emt 00:00:13]} g6 {[%clk
01:28:12]} {[%emt 00:00:18]} 4. f4 {[%clk 01:31:49]} {[%emt 00:00:09]} Bg7
{[%clk 01:27:47]} {[%emt 00:00:55]} 5. Nf3 {[%clk 01:32:17]} {[%emt 00:00:03]}
e6 {[%clk 01:27:59]} {[%emt 00:00:18]} 6. c3 {[%clk 01:32:10]} {[%emt
00:00:37]} Nge7 {[%clk 01:26:49]} {[%emt 00:01:39]} 7. O-O {[%clk 01:32:21]}
{[%emt 00:00:19]} O-O {[%clk 01:26:23]} {[%emt 00:00:56]} 8. Qe1 {[%clk
01:32:26]} {[%emt 00:00:26]} d6 {[%clk 01:25:30]} {[%emt 00:01:22]} 9. Qh4
{[%clk 01:32:32]} {[%emt 00:00:23]} Qb6 {[%clk 01:06:23]} {[%emt 00:19:38]} 10.
Kh1 {[%clk 01:29:18]} {[%emt 00:03:44]} f5 {[%clk 00:55:30]} {[%emt 00:11:23]}
11. Nbd2 {[%clk 01:27:31]} {[%emt 00:02:14]} Rf7 {[%clk 00:45:00]} {[%emt
00:11:03]} 12. Nc4 {[%clk 01:25:45]} {[%emt 00:02:17]} Qc7 {[%clk 00:43:22]}
{[%emt 00:02:07]} 13. Ncd2 {[%clk 01:19:45]} {[%emt 00:06:30]} b6 {[%clk
00:40:19]} {[%emt 00:03:34]} 14. Rb1 {[%clk 01:18:41]} {[%emt 00:01:34]} Bb7
{[%clk 00:39:16]} {[%emt 00:01:32]} 15. Ng5 {[%clk 01:16:35]} {[%emt 00:02:36]}
Bf6 {[%clk 00:38:26]} {[%emt 00:01:19]} 16. Ndf3 {[%clk 01:16:41]} {[%emt
00:00:25]} Nd8 {[%clk 00:31:24]} {[%emt 00:07:32]} 17. e5 {[%clk 01:12:34]}
{[%emt 00:04:37]} dxe5 {[%clk 00:30:10]} {[%emt 00:01:44]} 18. fxe5 {[%clk
01:08:11]} {[%emt 00:04:53]} Bxg5 {[%clk 00:29:22]} {[%emt 00:01:19]} 19. Bxg5
{[%clk 01:07:38]} {[%emt 00:01:02]} Ndc6 {[%clk 00:24:44]} {[%emt 00:05:08]}
20. Bf6 {[%clk 01:04:00]} {[%emt 00:04:08]} Nd5 {[%clk 00:23:09]} {[%emt
00:02:05]} 21. Ng5 {[%clk 01:02:18]} {[%emt 00:02:12]} Nxf6 {[%clk 00:16:20]}
{[%emt 00:07:19]} 22. exf6 {[%clk 01:02:34]} {[%emt 00:00:15]} Rd7 {[%clk
00:14:14]} {[%emt 00:02:36]} 23. f7+ {[%clk 01:02:09]} {[%emt 00:00:54]} Rxf7
{[%clk 00:14:11]} {[%emt 00:00:33]} 24. Nxf7 {[%clk 01:02:31]} {[%emt
00:00:08]} Qxf7 {[%clk 00:14:38]} {[%emt 00:00:03]} 25. Bf3 {[%clk 01:02:24]}
{[%emt 00:00:36]} Re8 {[%clk 00:12:56]} {[%emt 00:02:14]} 26. Rbe1 {[%clk
01:01:07]} {[%emt 00:01:46]} e5 {[%clk 00:12:04]} {[%emt 00:01:22]} 27. Qa4
{[%clk 01:00:51]} {[%emt 00:00:46]} Qc7 {[%clk 00:11:24]} {[%emt 00:01:10]} 28.
d4 {[%clk 01:00:11]} {[%emt 00:01:11]} e4 {[%clk 00:10:05]} {[%emt 00:01:48]}
29. d5 {[%clk 01:00:27]} {[%emt 00:00:14]} Re5 {[%clk 00:09:04]} {[%emt
00:01:31]} 30. dxc6 {[%clk 01:00:29]} {[%emt 00:00:29]} Bxc6 {[%clk 00:09:27]}
{[%emt 00:00:07]} 31. Qc4+ {[%clk 01:00:27]} {[%emt 00:00:32]} Bd5 {[%clk
00:09:27]} {[%emt 00:00:29]} 32. Qe2 {[%clk 01:00:38]} {[%emt 00:00:19]} exf3
{[%clk 00:05:16]} {[%emt 00:04:41]} 33. Qxe5 {[%clk 01:00:36]} {[%emt
00:00:33]} fxg2+ {[%clk 00:04:34]} {[%emt 00:01:11]} 34. Kg1 {[%clk 01:01:03]}
{[%emt 00:00:04]} gxf1=Q+ {[%clk 00:04:11]} {[%emt 00:00:53]} 35. Kxf1 {[%clk
01:01:31]} {[%emt 00:00:01]} Qxe5 {[%clk 00:03:14]} {[%emt 00:01:27]} 36. Rxe5
{[%clk 01:02:00]} {[%emt 00:00:01]} Be4 {[%clk 00:02:15]} {[%emt 00:01:29]} 37.
Re7 {[%clk 01:02:11]} {[%emt 00:00:19]} a6 {[%clk 00:02:05]} {[%emt 00:00:40]}
38. Re6 {[%clk 01:02:12]} {[%emt 00:00:24]} b5 {[%clk 00:01:03]} {[%emt
00:01:37]} 39. Rxa6 {[%clk 01:02:35]} {[%emt 00:00:08]} b4 {[%clk 00:00:51]}
{[%emt 00:00:42]} 40. Kf2 {[%clk 01:02:54]} {[%emt 00:00:11]} bxc3 {[%clk
00:00:37]} {[%emt 00:00:44]} 41. bxc3 {[%clk 01:03:13]} {[%emt 00:00:11]} Kg7
{[%clk 00:30:07]} {[%emt 00:00:59]} 42. a4 {[%clk 01:33:10]} {[%emt 00:00:33]}
h5 {[%clk 00:27:56]} {[%emt 00:02:40]} 43. a5 {[%clk 01:33:33]} {[%emt
00:00:08]} Kh6 {[%clk 00:27:32]} {[%emt 00:00:54]} 44. Re6 {[%clk 01:33:37]}
{[%emt 00:00:26]} Bh1 {[%clk 00:25:18]} {[%emt 00:02:43]} 45. a6 {[%clk
01:33:51]} {[%emt 00:00:17]} Kg5 {[%clk 00:23:55]} {[%emt 00:01:52]} 46. h4+
{[%clk 01:34:02]} {[%emt 00:00:20]} Kxh4 {[%clk 00:23:32]} {[%emt 00:00:53]}
47. Rxg6 {[%clk 01:34:25]} {[%emt 00:00:07]} Bd5 {[%clk 00:23:13]} {[%emt
00:00:49]} 48. a7 {[%clk 01:34:36]} {[%emt 00:00:19]} f4 {[%clk 00:22:09]}
{[%emt 00:01:33]} 49. c4 {[%clk 01:34:36]} {[%emt 00:00:31]} Be4 {[%clk
00:21:50]} {[%emt 00:00:48]} 50. Re6 {[%clk 01:33:45]} {[%emt 00:01:22]} Bb7
{[%clk 00:21:48]} {[%emt 00:00:32]} 51. Re5 {[%clk 01:31:12]} {[%emt 00:03:03]}
Kg4 {[%clk 00:21:53]} {[%emt 00:00:24]} 52. Rxc5 {[%clk 01:31:38]} {[%emt
00:00:05]} h4 {[%clk 00:22:06]} {[%emt 00:00:16]} 53. Rb5 {[%clk 01:31:50]}
{[%emt 00:00:18]} Bc6 {[%clk 00:21:20]} {[%emt 00:01:17]} 54. Rb8 {[%clk
01:32:04]} {[%emt 00:00:16]} h3 {[%clk 00:21:39]} {[%emt 00:00:10]} 55. a8=Q
{[%clk 01:32:30]} {[%emt 00:00:06]} Bxa8 {[%clk 00:22:03]} {[%emt 00:00:05]}
56. Rxa8 {[%clk 01:32:57]} {[%emt 00:00:03]} h2 {[%clk 00:22:23]} {[%emt
00:00:09]} 57. Rh8 {[%clk 01:33:19]} {[%emt 00:00:09]} 1-0

[Event "DEM U14w 2023"]
[Site "Willingen GER"]
[Date "2023.05.29"]
[Round "3"]
[White "Vogt, Luna"]
[Black "Lorenz, Rebecca"]
[Result "1-0"]
[Termination "normal"]
[Board "9"]
[WhiteElo "1345"]
[BlackElo "770"]
[WhiteClock "00:31:35"]
[BlackClock "00:30:58"]
[PlyCount "137"]
[WhiteFideId "34607153"]
[BlackFideId "34610944"]
[EventCountry "GER"]
[EventRounds "9"]
[EventType "swiss"]
[EventDate "2023.05.27"]

1. d4 {[%clk 01:30:58]} {[%emt 00:00:02]} Nf6 {[%clk 01:30:43]} {[%emt
00:00:17]} 2. c4 {[%clk 01:31:13]} {[%emt 00:00:16]} g6 {[%clk 01:30:38]}
{[%emt 00:00:34]} 3. Nc3 {[%clk 01:31:28]} {[%emt 00:00:15]} Bg7 {[%clk
01:30:13]} {[%emt 00:00:54]} 4. e4 {[%clk 01:31:40]} {[%emt 00:00:19]} d6
{[%clk 01:29:54]} {[%emt 00:00:49]} 5. Nf3 {[%clk 01:31:27]} {[%emt 00:00:42]}
Nbd7 {[%clk 01:29:05]} {[%emt 00:01:20]} 6. Be2 {[%clk 01:31:03]} {[%emt
00:00:54]} O-O {[%clk 01:27:48]} {[%emt 00:01:47]} 7. O-O {[%clk 01:31:10]}
{[%emt 00:00:23]} a6 {[%clk 01:27:49]} {[%emt 00:00:28]} 8. Be3 {[%clk
01:29:49]} {[%emt 00:01:51]} b6 {[%clk 01:27:12]} {[%emt 00:01:08]} 9. Qc2
{[%clk 01:26:11]} {[%emt 00:04:08]} Bb7 {[%clk 01:25:59]} {[%emt 00:01:43]} 10.
b4 {[%clk 01:25:23]} {[%emt 00:01:18]} c5 {[%clk 01:12:11]} {[%emt 00:14:15]}
11. bxc5 {[%clk 01:15:46]} {[%emt 00:10:10]} dxc5 {[%clk 01:10:33]} {[%emt
00:02:08]} 12. d5 {[%clk 01:12:51]} {[%emt 00:03:24]} Re8 {[%clk 01:09:47]}
{[%emt 00:01:17]} 13. Rab1 {[%clk 01:09:26]} {[%emt 00:03:55]} Ra7 {[%clk
01:07:22]} {[%emt 00:02:54]} 14. h3 {[%clk 01:07:18]} {[%emt 00:02:39]} Qb8
{[%clk 01:04:55]} {[%emt 00:02:57]} 15. Nd2 {[%clk 01:00:22]} {[%emt 00:07:26]}
e6 {[%clk 01:00:42]} {[%emt 00:04:43]} 16. f4 {[%clk 00:55:49]} {[%emt
00:05:03]} exd5 {[%clk 00:53:51]} {[%emt 00:07:21]} 17. cxd5 {[%clk 00:55:08]}
{[%emt 00:01:11]} Re7 {[%clk 00:51:27]} {[%emt 00:02:54]} 18. Bd3 {[%clk
00:53:34]} {[%emt 00:02:03]} h6 {[%clk 00:49:25]} {[%emt 00:02:33]} 19. Nc4
{[%clk 00:52:45]} {[%emt 00:01:19]} Re8 {[%clk 00:46:11]} {[%emt 00:03:44]} 20.
Nxb6 {[%clk 00:50:27]} {[%emt 00:02:48]} Nxb6 {[%clk 00:44:31]} {[%emt
00:02:10]} 21. Rxb6 {[%clk 00:49:14]} {[%emt 00:01:44]} Qc7 {[%clk 00:44:27]}
{[%emt 00:00:32]} 22. Rbb1 {[%clk 00:47:06]} {[%emt 00:02:39]} c4 {[%clk
00:41:22]} {[%emt 00:03:35]} 23. Bxa7 {[%clk 00:45:34]} {[%emt 00:02:01]} cxd3
{[%clk 00:40:30]} {[%emt 00:01:22]} 24. Qxd3 {[%clk 00:45:18]} {[%emt
00:00:46]} Bc8 {[%clk 00:38:21]} {[%emt 00:02:39]} 25. Bd4 {[%clk 00:44:47]}
{[%emt 00:01:02]} a5 {[%clk 00:35:32]} {[%emt 00:03:18]} 26. Rf2 {[%clk
00:42:09]} {[%emt 00:03:09]} Bd7 {[%clk 00:33:19]} {[%emt 00:02:44]} 27. e5
{[%clk 00:41:00]} {[%emt 00:01:39]} Nxd5 {[%clk 00:32:01]} {[%emt 00:01:46]}
28. Nxd5 {[%clk 00:40:37]} {[%emt 00:00:54]} Qc6 {[%clk 00:31:48]} {[%emt
00:00:43]} 29. Nc3 {[%clk 00:39:11]} {[%emt 00:01:56]} Bc8 {[%clk 00:31:48]}
{[%emt 00:00:30]} 30. Qb5 {[%clk 00:38:28]} {[%emt 00:01:13]} Qe6 {[%clk
00:30:57]} {[%emt 00:01:17]} 31. Qxa5 {[%clk 00:35:51]} {[%emt 00:03:11]} Qc4
{[%clk 00:30:25]} {[%emt 00:01:01]} 32. Qa4 {[%clk 00:34:37]} {[%emt 00:01:45]}
Qe6 {[%clk 00:29:36]} {[%emt 00:01:18]} 33. Rb6 {[%clk 00:32:58]} {[%emt
00:02:09]} Qd7 {[%clk 00:28:57]} {[%emt 00:01:09]} 34. Qxd7 {[%clk 00:31:58]}
{[%emt 00:01:32]} Bxd7 {[%clk 00:29:18]} {[%emt 00:00:08]} 35. Rfb2 {[%clk
00:31:44]} {[%emt 00:00:44]} h5 {[%clk 00:29:11]} {[%emt 00:00:36]} 36. Rb8
{[%clk 00:31:41]} {[%emt 00:00:33]} Rxb8 {[%clk 00:29:23]} {[%emt 00:00:19]}
37. Rxb8+ {[%clk 00:32:04]} {[%emt 00:00:07]} Kh7 {[%clk 00:29:47]} {[%emt
00:00:04]} 38. a4 {[%clk 00:32:00]} {[%emt 00:00:36]} Bc6 {[%clk 00:29:50]}
{[%emt 00:00:24]} 39. a5 {[%clk 00:32:08]} {[%emt 00:00:24]} Bh6 {[%clk
00:29:47]} {[%emt 00:00:33]} 40. Ne2 {[%clk 00:30:41]} {[%emt 00:01:57]} h4
{[%clk 00:29:48]} {[%emt 00:00:29]} 41. a6 {[%clk 00:30:38]} {[%emt 00:00:35]}
Bg7 {[%clk 00:29:41]} {[%emt 00:00:37]} 42. a7 {[%clk 00:30:52]} {[%emt
00:00:15]} Kh6 {[%clk 00:30:04]} {[%emt 00:00:06]} 43. a8=Q {[%clk 00:31:03]}
{[%emt 00:00:20]} Bxa8 {[%clk 00:30:26]} {[%emt 00:00:07]} 44. Rxa8 {[%clk
00:31:27]} {[%emt 00:00:06]} g5 {[%clk 00:30:23]} {[%emt 00:00:33]} 45. fxg5+
{[%clk 00:30:31]} {[%emt 00:01:25]} Kxg5 {[%clk 00:30:34]} {[%emt 00:00:21]}
46. Ra4 {[%clk 00:30:40]} {[%emt 00:00:20]} Kf5 {[%clk 00:29:59]} {[%emt
00:01:04]} 47. Bb2 {[%clk 00:30:46]} {[%emt 00:00:26]} Bxe5 {[%clk 00:29:57]}
{[%emt 00:00:31]} 48. Bxe5 {[%clk 00:30:57]} {[%emt 00:00:20]} Kxe5 {[%clk
00:30:20]} {[%emt 00:00:07]} 49. Rxh4 {[%clk 00:31:22]} {[%emt 00:00:04]} Kf5
{[%clk 00:30:24]} {[%emt 00:00:25]} 50. Kf2 {[%clk 00:31:26]} {[%emt 00:00:27]}
Kg5 {[%clk 00:30:22]} {[%emt 00:00:31]} 51. Rf4 {[%clk 00:31:35]} {[%emt
00:00:23]} f6 {[%clk 00:30:34]} {[%emt 00:00:17]} 52. h4+ {[%clk 00:31:36]}
{[%emt 00:00:29]} Kg6 {[%clk 00:30:24]} {[%emt 00:01:15]} 53. g4 {[%clk
00:32:12]} {[%emt 00:00:20]} Kg7 {[%clk 00:30:24]} {[%emt 00:00:30]} 54. g5
{[%clk 00:32:10]} {[%emt 00:00:31]} fxg5 {[%clk 00:30:27]} {[%emt 00:00:28]}
55. hxg5 {[%clk 00:32:12]} {[%emt 00:00:28]} Kg6 {[%clk 00:30:51]} {[%emt
00:00:05]} 56. Rg4 {[%clk 00:31:14]} {[%emt 00:01:28]} Kh5 {[%clk 00:30:31]}
{[%emt 00:00:50]} 57. g6 {[%clk 00:30:46]} {[%emt 00:00:58]} Kxg4 {[%clk
00:30:14]} {[%emt 00:00:47]} 58. g7 {[%clk 00:31:06]} {[%emt 00:00:11]} Kf5
{[%clk 00:30:01]} {[%emt 00:00:43]} 59. g8=Q {[%clk 00:31:07]} {[%emt
00:00:26]} Kf6 {[%clk 00:30:21]} {[%emt 00:00:10]} 60. Kf3 {[%clk 00:30:03]}
{[%emt 00:01:37]} Ke5 {[%clk 00:29:52]} {[%emt 00:00:56]} 61. Qg4 {[%clk
00:29:58]} {[%emt 00:00:37]} Kf6 {[%clk 00:30:01]} {[%emt 00:00:21]} 62. Qh5
{[%clk 00:30:23]} {[%emt 00:00:05]} Ke6 {[%clk 00:30:15]} {[%emt 00:00:15]} 63.
Ke4 {[%clk 00:30:36]} {[%emt 00:00:19]} Kd6 {[%clk 00:30:26]} {[%emt 00:00:18]}
64. Qd5+ {[%clk 00:30:40]} {[%emt 00:00:26]} Ke7 {[%clk 00:29:49]} {[%emt
00:01:08]} 65. Qc6 {[%clk 00:31:01]} {[%emt 00:00:09]} Kd8 {[%clk 00:30:03]}
{[%emt 00:00:14]} 66. Qb7 {[%clk 00:31:11]} {[%emt 00:00:22]} Ke8 {[%clk
00:30:21]} {[%emt 00:00:12]} 67. Ke5 {[%clk 00:31:21]} {[%emt 00:00:20]} Kd8
{[%clk 00:30:41]} {[%emt 00:00:10]} 68. Ke6 {[%clk 00:31:35]} {[%emt 00:00:15]}
Ke8 {[%clk 00:30:58]} {[%emt 00:00:12]} 69. Qb8# {[%emt 00:00:58]} 1-0

[Event "DEM U14w 2023"]
[Site "Willingen GER"]
[Date "2023.05.29"]
[Round "3"]
[White "Burlutskaia, Maria"]
[Black "Hergenröder, Cora"]
[Result "1-0"]
[Termination "normal"]
[Board "10"]
[WhiteElo "1510"]
[BlackElo "1466"]
[WhiteClock "00:44:11"]
[BlackClock "00:12:19"]
[PlyCount "119"]
[WhiteFideId "34607137"]
[BlackFideId "34603700"]
[EventCountry "GER"]
[EventRounds "9"]
[EventType "swiss"]
[EventDate "2023.05.27"]

1. e4 {[%clk 01:30:59]} c6 {[%clk 01:30:55]} {[%emt 00:00:06]} 2. Nc3 {[%clk
01:31:24]} {[%emt 00:00:05]} d5 {[%clk 01:31:16]} {[%emt 00:00:08]} 3. Nf3
{[%clk 01:31:50]} {[%emt 00:00:04]} dxe4 {[%clk 01:31:36]} {[%emt 00:00:10]} 4.
Nxe4 {[%clk 01:32:15]} {[%emt 00:00:05]} Nf6 {[%clk 01:31:56]} {[%emt
00:00:11]} 5. Qe2 {[%clk 01:32:41]} {[%emt 00:00:04]} Nxe4 {[%clk 01:32:07]}
{[%emt 00:00:19]} 6. Qxe4 {[%clk 01:33:05]} {[%emt 00:00:05]} Nd7 {[%clk
01:31:36]} {[%emt 00:01:02]} 7. Bc4 {[%clk 01:33:24]} {[%emt 00:00:11]} Nf6
{[%clk 01:31:11]} {[%emt 00:00:55]} 8. Ne5 {[%clk 01:33:06]} {[%emt 00:00:47]}
e6 {[%clk 01:31:34]} {[%emt 00:00:07]} 9. Qe3 {[%clk 01:32:57]} {[%emt
00:00:39]} b5 {[%clk 01:15:43]} {[%emt 00:16:21]} 10. Nxc6 {[%clk 01:25:48]}
{[%emt 00:07:39]} Qc7 {[%clk 00:55:12]} {[%emt 00:21:01]} 11. Bxb5 {[%clk
01:10:05]} {[%emt 00:16:13]} a6 {[%clk 00:51:01]} {[%emt 00:04:41]} 12. Nd4+
{[%clk 01:06:53]} {[%emt 00:03:42]} axb5 {[%clk 00:50:46]} {[%emt 00:00:46]}
13. Nxb5 {[%clk 01:07:08]} {[%emt 00:00:14]} Qd7 {[%clk 00:42:02]} {[%emt
00:09:14]} 14. Qe5 {[%clk 00:59:05]} {[%emt 00:08:32]} Kd8 {[%clk 00:33:28]}
{[%emt 00:09:06]} 15. d3 {[%clk 00:52:55]} {[%emt 00:06:39]} Ba6 {[%clk
00:22:45]} {[%emt 00:11:13]} 16. Nc3 {[%clk 00:41:56]} {[%emt 00:11:29]} Qc7
{[%clk 00:14:30]} {[%emt 00:08:45]} 17. Qd4+ {[%clk 00:38:07]} {[%emt
00:04:19]} Qd6 {[%clk 00:13:28]} {[%emt 00:01:32]} 18. Qh4 {[%clk 00:37:18]}
{[%emt 00:01:17]} Be7 {[%clk 00:09:58]} {[%emt 00:04:02]} 19. O-O {[%clk
00:33:29]} {[%emt 00:04:20]} Nd5 {[%clk 00:08:19]} {[%emt 00:02:08]} 20. Bg5
{[%clk 00:30:36]} {[%emt 00:03:22]} Nxc3 {[%clk 00:08:36]} {[%emt 00:00:14]}
21. Bxe7+ {[%clk 00:30:46]} {[%emt 00:00:19]} Qxe7 {[%clk 00:08:52]} {[%emt
00:00:14]} 22. Qxe7+ {[%clk 00:29:02]} {[%emt 00:02:15]} Kxe7 {[%clk 00:09:17]}
{[%emt 00:00:05]} 23. bxc3 {[%clk 00:29:23]} {[%emt 00:00:08]} Rab8 {[%clk
00:08:18]} {[%emt 00:01:30]} 24. Rab1 {[%clk 00:28:46]} {[%emt 00:01:07]} Kd7
{[%clk 00:07:32]} {[%emt 00:01:17]} 25. Rb4 {[%clk 00:28:36]} {[%emt 00:00:39]}
Rxb4 {[%clk 00:06:35]} {[%emt 00:01:27]} 26. cxb4 {[%clk 00:28:59]} {[%emt
00:00:07]} Bb7 {[%clk 00:04:20]} {[%emt 00:02:45]} 27. a4 {[%clk 00:28:42]}
{[%emt 00:00:47]} Ra8 {[%clk 00:03:56]} {[%emt 00:00:54]} 28. Ra1 {[%clk
00:28:55]} {[%emt 00:00:17]} Bc6 {[%clk 00:03:57]} {[%emt 00:00:29]} 29. a5
{[%clk 00:29:13]} {[%emt 00:00:12]} Kd6 {[%clk 00:03:02]} {[%emt 00:01:24]} 30.
f4 {[%clk 00:28:39]} {[%emt 00:01:04]} Kd5 {[%clk 00:02:55]} {[%emt 00:00:38]}
31. c3 {[%clk 00:28:28]} {[%emt 00:00:41]} Bb7 {[%clk 00:02:32]} {[%emt
00:00:53]} 32. Kf2 {[%clk 00:26:45]} {[%emt 00:02:13]} h6 {[%clk 00:02:10]}
{[%emt 00:00:52]} 33. Ke3 {[%clk 00:25:30]} {[%emt 00:01:45]} e5 {[%clk
00:01:24]} {[%emt 00:01:15]} 34. c4+ {[%clk 00:22:54]} {[%emt 00:03:07]} Kd6
{[%clk 00:01:38]} {[%emt 00:00:15]} 35. fxe5+ {[%clk 00:22:47]} {[%emt
00:00:38]} Kxe5 {[%clk 00:01:56]} {[%emt 00:00:11]} 36. g3 {[%clk 00:23:11]}
{[%emt 00:00:06]} f6 {[%clk 00:01:49]} {[%emt 00:00:38]} 37. Re1 {[%clk
00:23:08]} {[%emt 00:00:33]} Kd6 {[%clk 00:01:43]} {[%emt 00:00:36]} 38. Kd4
{[%clk 00:23:06]} {[%emt 00:00:32]} Rd8 {[%clk 00:01:36]} {[%emt 00:00:37]} 39.
b5 {[%clk 00:22:50]} {[%emt 00:00:47]} Ba8 {[%clk 00:01:17]} {[%emt 00:00:48]}
40. Re2 {[%clk 00:20:22]} {[%emt 00:02:58]} h5 {[%clk 00:00:53]} {[%emt
00:00:54]} 41. c5+ {[%clk 00:18:33]} {[%emt 00:02:19]} Kc7+ {[%clk 00:26:23]}
{[%emt 00:05:00]} 42. Kc4 {[%clk 00:48:42]} {[%emt 00:00:21]} Kd7 {[%clk
00:23:44]} {[%emt 00:03:09]} 43. d4 {[%clk 00:47:51]} {[%emt 00:01:20]} Bf3
{[%clk 00:19:43]} {[%emt 00:04:31]} 44. Re3 {[%clk 00:47:59]} {[%emt 00:00:22]}
Bg2 {[%clk 00:19:59]} {[%emt 00:00:14]} 45. d5 {[%clk 00:47:41]} {[%emt
00:00:48]} Bf1+ {[%clk 00:17:49]} {[%emt 00:02:40]} 46. Kb4 {[%clk 00:47:28]}
{[%emt 00:00:44]} Rb8 {[%clk 00:17:17]} {[%emt 00:01:02]} 47. b6 {[%clk
00:47:31]} {[%emt 00:00:27]} Ba6 {[%clk 00:16:13]} {[%emt 00:01:33]} 48. Kc3
{[%clk 00:47:01]} {[%emt 00:01:00]} Bc8 {[%clk 00:11:13]} {[%emt 00:05:31]} 49.
Kd4 {[%clk 00:45:56]} {[%emt 00:01:35]} Kd8 {[%clk 00:09:45]} {[%emt 00:01:58]}
50. c6 {[%clk 00:43:26]} {[%emt 00:03:00]} Ra8 {[%clk 00:10:11]} {[%emt
00:00:04]} 51. b7 {[%clk 00:42:29]} {[%emt 00:01:27]} Rb8 {[%clk 00:10:27]}
{[%emt 00:00:13]} 52. bxc8=Q+ {[%clk 00:42:16]} {[%emt 00:00:43]} Rxc8 {[%clk
00:10:49]} {[%emt 00:00:08]} 53. Rb3 {[%clk 00:42:18]} {[%emt 00:00:28]} Ra8
{[%clk 00:10:58]} {[%emt 00:00:21]} 54. Rb5 {[%clk 00:42:39]} {[%emt 00:00:09]}
Kc7 {[%clk 00:11:12]} {[%emt 00:00:17]} 55. Kc5 {[%clk 00:43:04]} {[%emt
00:00:05]} g5 {[%clk 00:11:25]} {[%emt 00:00:17]} 56. d6+ {[%clk 00:43:24]}
{[%emt 00:00:09]} Kc8 {[%clk 00:11:36]} {[%emt 00:00:20]} 57. d7+ {[%clk
00:43:43]} {[%emt 00:00:11]} Kc7 {[%clk 00:11:47]} {[%emt 00:00:19]} 58. Rb7+
{[%clk 00:44:06]} {[%emt 00:00:06]} Kd8 {[%clk 00:12:10]} {[%emt 00:00:07]} 59.
Kd6 {[%clk 00:44:09]} {[%emt 00:00:27]} Rc8 {[%clk 00:12:19]} {[%emt 00:00:22]}
60. c7+ {[%clk 00:44:11]} {[%emt 00:00:29]} 1-0

[Event "DEM U14w 2023"]
[Site "Willingen GER"]
[Date "2023.05.29"]
[Round "3"]
[White "Ignatova, Gabriela"]
[Black "Neininger, Sarah"]
[Result "0-1"]
[Termination "normal"]
[Board "11"]
[WhiteElo "1146"]
[BlackElo "1512"]
[WhiteClock "01:06:30"]
[BlackClock "00:42:53"]
[PlyCount "38"]
[WhiteFideId "34623698"]
[BlackFideId "16287410"]
[EventCountry "GER"]
[EventRounds "9"]
[EventType "swiss"]
[EventDate "2023.05.27"]

1. e4 {[%clk 01:30:58]} {[%emt 00:00:02]} c5 {[%clk 01:30:56]} {[%emt
00:00:04]} 2. Nf3 {[%clk 01:31:22]} {[%emt 00:00:05]} d6 {[%clk 01:31:18]}
{[%emt 00:00:08]} 3. d4 {[%clk 01:31:38]} {[%emt 00:00:15]} cxd4 {[%clk
01:31:44]} {[%emt 00:00:05]} 4. Nxd4 {[%clk 01:32:03]} {[%emt 00:00:04]} Nf6
{[%clk 01:32:07]} {[%emt 00:00:07]} 5. Nc3 {[%clk 01:32:22]} {[%emt 00:00:10]}
g6 {[%clk 01:32:30]} {[%emt 00:00:08]} 6. Bc4 {[%clk 01:32:10]} {[%emt
00:00:42]} Bg7 {[%clk 01:32:36]} {[%emt 00:00:23]} 7. f3 {[%clk 01:28:32]}
{[%emt 00:04:09]} Nc6 {[%clk 01:31:42]} {[%emt 00:01:23]} 8. Bd2 {[%clk
01:26:17]} {[%emt 00:02:45]} Nxd4 {[%clk 01:30:44]} {[%emt 00:01:29]} 9. Be3
{[%clk 01:24:32]} {[%emt 00:02:16]} Nc6 {[%clk 01:30:45]} {[%emt 00:00:28]} 10.
Qd2 {[%clk 01:24:08]} {[%emt 00:00:54]} h5 {[%clk 01:26:25]} {[%emt 00:04:50]}
11. h3 {[%clk 01:23:34]} {[%emt 00:01:04]} Ne5 {[%clk 01:23:05]} {[%emt
00:03:49]} 12. Bb3 {[%clk 01:23:20]} {[%emt 00:00:45]} Bd7 {[%clk 01:20:03]}
{[%emt 00:03:31]} 13. O-O-O {[%clk 01:21:32]} {[%emt 00:02:19]} b5 {[%clk
00:59:30]} {[%emt 00:21:03]} 14. Nd5 {[%clk 01:13:15]} {[%emt 00:08:46]} Nc4
{[%clk 00:49:39]} {[%emt 00:10:22]} 15. Nxf6+ {[%clk 01:10:08]} {[%emt
00:03:37]} Bxf6 {[%clk 00:50:00]} {[%emt 00:00:09]} 16. Bxc4 {[%clk 01:10:29]}
{[%emt 00:00:08]} bxc4 {[%clk 00:50:22]} {[%emt 00:00:09]} 17. g4 {[%clk
01:10:06]} {[%emt 00:00:53]} Rb8 {[%clk 00:46:27]} {[%emt 00:04:25]} 18. c3
{[%clk 01:08:11]} {[%emt 00:02:25]} Qa5 {[%clk 00:43:02]} {[%emt 00:03:37]} 19.
Qc2 {[%clk 01:06:30]} {[%emt 00:02:29]} Qxa2 {[%clk 00:42:53]} {[%emt
00:00:40]} 0-1